00746cam a2200205 a 450000100100000000500170001000800410002702000150006804000290008308200140011210000220012624501170014826000370026530000320030249000330033465000360036765000630040365000410046683000330050700001303120200929163127.0820301s1982 ilua b 001 0 eng  a0256026769 aDO-SdBNPbengcLCdBNPHU a362bZ38i1 aZastrow, Charles.10aIntroduction to social welfare institutions :bsocial problems, services, and current issues /cCharles Zastrow. aHomewood :bDorsey Press,c1982. aix, 586 p. :bil. ;c25 cm.14aThe Dorsey in Social Welfare 4aServicio socialzEstados Unidos 4aServicio socialxOrientación profesionalzEstados Unidos 0aAsistencia públicazEstados Unidos 0aThe Dorsey in Social Welfare